[Event "Aberto Brasil - II Niterói Chess Open "]
[Site "Salão de Convenções do Hot"]
[Date "2022.09.03"]
[Round "4.89"]
[White "Fernandes, Marcio Rosa"]
[Black "De Carvalho, Amauri"]
[Result "1-0"]
[WhiteElo "1763"]
[BlackElo "1204"]
[PlyCount "97"]
[EventDate "2022.09.01"]
[EventRounds "9"]
[EventCountry "BRA"]

1. c4 d6 2. Nc3 Nf6 3. g3 c6 4. Bg2 e5 5. d3 Nbd7 6. Nf3 Be7 7. O-O O-O 8. b3
Rb8 9. Bb2 a6 10. Re1 Re8 11. e4 Nf8 12. d4 Bg4 13. dxe5 Bxf3 14. Qxf3 dxe5 15.
Rad1 N6d7 16. Rd3 Qc7 17. Red1 Red8 18. Ne2 Nc5 19. Rxd8 Rxd8 20. Rxd8 Bxd8 21.
b4 Ncd7 22. Bh3 Nf6 23. Qd3 Qe7 24. c5 Ng6 25. Kg2 Bc7 26. Ng1 Qd8 27. Qxd8+
Bxd8 28. Bc8 b6 29. cxb6 Bxb6 30. Bxa6 Nxe4 31. Nh3 Nd6 32. a4 f6 33. a5 Ba7
34. Be2 Ne7 35. Ng1 Nb5 36. Bxb5 cxb5 37. Bc1 Nc6 38. Bd2 Kf7 39. Ne2 Nd4 40.
Nxd4 Bxd4 41. a6 g5 42. Be3 Ke6 43. Bxd4 exd4 44. a7 Kd5 45. a8=Q+ Kc4 46. Qf8
d3 47. Kf3 Kc3 48. Ke3 Kc2 49. Qc5+ 1-0

[Event "Aberto Brasil - II Niterói Chess Open "]
[Site "Salão de Convenções do Hot"]
[Date "2022.09.03"]
[Round "4.91"]
[White "Marocco, Gabriel Leao Quadro"]
[Black "Souza, Dion Avalone"]
[Result "1-0"]
[WhiteElo "1482"]
[BlackElo "1750"]
[PlyCount "57"]
[EventDate "2022.09.01"]
[EventRounds "9"]
[EventCountry "BRA"]

1. e4 c5 2. Nf3 Nc6 3. d4 d5 4. dxc5 e6 5. exd5 exd5 6. Nc3 Nf6 7. Bg5 d4 8.
Ne4 Be7 9. Bxf6 Bxf6 10. Nd6+ Kf8 11. Bc4 Qe7+ 12. Qe2 Qxe2+ 13. Kxe2 Be6 14.
a3 Be7 15. Bxe6 Bxd6 16. cxd6 fxe6 17. Rad1 e5 18. Ng5 Re8 19. Kd3 h6 20. Ne4
b6 21. Rhf1 Kf7 22. f4 Ke6 23. fxe5 Kxe5 24. Rf7 Kd5 25. c4+ Ke6 26. Rxg7 Rhg8
27. Rxg8 Rxg8 28. Rd2 Na5 29. b4 1-0

[Event "Aberto Brasil - II Niterói Chess Open "]
[Site "Salão de Convenções do Hot"]
[Date "2022.09.03"]
[Round "4.96"]
[White "Gomes, Genildo De Souza"]
[Black "Orofino, Gabriel"]
[Result "0-1"]
[WhiteElo "1686"]
[BlackElo "1800"]
[PlyCount "96"]
[EventDate "2022.09.01"]
[EventRounds "9"]
[EventCountry "BRA"]

1. d4 Nf6 2. Nd2 d5 3. e3 Bf5 4. Bd3 e6 5. Ne2 c5 6. Bb5+ Nc6 7. Nf3 a6 8.
Bxc6+ bxc6 9. Ne5 Qb6 10. O-O Bd6 11. f4 O-O 12. h3 Rfd8 13. Ng3 cxd4 14. exd4
Ne4 15. Nxf5 exf5 16. c3 c5 17. Qb3 Qxb3 18. axb3 cxd4 19. cxd4 Ng3 20. Rf3
Ne2+ 21. Kf2 Nxd4 22. Rd3 Bc5 23. Be3 Nc2 24. Rc1 Bxe3+ 25. Rxe3 Nxe3 26. Kxe3
Rab8 27. b4 Rxb4 28. Nc6 Re8+ 29. Kf3 Rxb2 30. Ne7+ Kf8 31. Nxd5 Rb3+ 32. Kf2
Rd8 33. Ne3 g6 34. Ra1 Rdd3 35. Nf1 Rb2+ 36. Kg1 Rd6 37. Ne3 Rdb6 38. Kh2 Re2
39. Nd5 Rbb2 40. Rg1 Rf2 41. Kg3 a5 42. Ne3 Rfe2 43. Nc4 Rb3+ 44. Kh2 a4 45.
Ra1 Rb4 46. Rc1 Re4 47. Na5 Rxf4 48. Rc8+ Kg7 0-1

[Event "Aberto Brasil - II Niterói Chess Open "]
[Site "Salão de Convenções do Hot"]
[Date "2022.09.03"]
[Round "4.97"]
[White "Vargas, Victor Da Silva"]
[Black "Catalan Gonzalez, Arturo"]
[Result "0-1"]
[WhiteElo "1776"]
[BlackElo "1442"]
[PlyCount "50"]
[EventDate "2022.09.01"]
[EventRounds "9"]
[EventCountry "BRA"]

1. c4 Nf6 2. Nc3 g6 3. g3 c5 4. Bg2 Bg7 5. Nf3 Nc6 6. O-O O-O 7. d3 d6 8. a3
Bg4 9. Qc2 Qd7 10. Rb1 Bxf3 11. Bxf3 Nd4 12. Qd1 Nxf3+ 13. exf3 d5 14. Kg2 Rfd8
15. b4 cxb4 16. axb4 dxc4 17. dxc4 Rac8 18. c5 b6 19. Qxd7 Nxd7 20. Ne4 f5 21.
Ng5 bxc5 22. Ne6 Re8 23. Nxg7 Kxg7 24. bxc5 Nxc5 25. Ra1 Nb3 0-1

[Event "Aberto Brasil - II Niterói Chess Open "]
[Site "Salão de Convenções do Hot"]
[Date "2022.09.03"]
[Round "4.98"]
[White "De Abreu, Luiza Reis Rodrigue"]
[Black "Salotti, Thiago Maida"]
[Result "0-1"]
[WhiteElo "1742"]
[BlackElo "1390"]
[PlyCount "54"]
[EventDate "2022.09.01"]
[EventRounds "9"]
[EventCountry "BRA"]

1. c4 d6 2. Nf3 Nf6 3. g3 g6 4. Bg2 Bg7 5. O-O O-O 6. d4 Bf5 7. Nc3 c6 8. Re1
Nbd7 9. e4 Bg4 10. h3 Bxf3 11. Qxf3 e5 12. Be3 exd4 13. Bxd4 Ne5 14. Qe2 Re8
15. Rad1 Qc7 16. b3 Nh5 17. Qf1 a6 18. Qe2 Qa5 19. Qd2 c5 20. Be3 Nxc4 21. bxc4
Bxc3 22. Qxd6 Bxe1 23. Bg5 Re6 24. Qd5 h6 25. Bxh6 Rf6 26. Qe5 Bxf2+ 27. Kh2
Bxg3+ 0-1